00990nam a2200229Ia 4500003000900000008004100009020001800050040001600068080002300084111009700107245020800204260004800412300001500460490006100475650001700536650001800553650001600571700002900587942000700616999001700623952012000640IN-BaIIA211028s9999 xx 000 0 eng d a0-521-84907-1 cIIA Library a082.2:52bIAU-C196 aColloquium of the International Astronomical Unionn196thcLancashired2004 June 7-11929477 0aTransits of venus-new views of the solar system and galaxybproceedings of IAU Colloquium 196 held in Preston, Lancashire, 7-11 June 2004cedited by D. W. Kurtz  aCambridgebCambridge University Pressc2004 axvi, 538p. aIAU symposium and colloquium proceedings series; no. 196 aPlanet93877 aTransit91327 aVenus91328 aKurtz, D. W., ed.924220 cBK c15963d15963 00104070aBANbBANcGENd2005-10-17eCAM l0o082.2:52/ IAU-C196p16885r2021-11-05w2005-10-17yBKG£ 50.00